000 00570nam a2200181Ia 4500
008 100921s9999 xx 000 0 und d
082 _b20164
_a891.463 थ 84
100 _aविद्यासागर प्रभाकर.
245 _aअघटित.
260 _bश्रद्धा प्रकाशन, मुंबई.
_c1984
300 _a171
_b---
365 _b35
520 _aललित-कादंबरी.
630 _aअघटित.
650 _aललित-कादंबरी.
730 _aअघटित.
942 _cBOOK
999 _c769277
_d769274